Το μέλλον του ευρωπαϊκού πολιτισμού : μια συζήτηση με τον Albert Camus στην Αθήνα

Saved in:
Bibliographic Details
Corporate Author: Ελληνογαλλική Πολιτιστική Ένωση
Other Authors: Μηλιώνη-Τσαλίκη, Τατιάνα (trlf)
Format: Book
Language:Greek
French
Published: Αθήνα : Αλεξάνδρεια, 2004.
Subjects:
Tags: Add Tag
No Tags, Be the first to tag this record!

MARC

LEADER 00000cam a2200000 i 4500
001 1/79141
008 041209s2004 gr | ||| |||| ||gre||
020 |a 9602212756 
035 |l 10078682 
040 |a GR-MyUa   |b gre   |e AACR2  
041 1 |a gre  |h fre 
082 7 |a 182   |2 (22)  
110 1 |a Ελληνογαλλική Πολιτιστική Ένωση. 
245 1 3 |a Το μέλλον του ευρωπαϊκού πολιτισμού :   |b μια συζήτηση με τον Albert Camus στην Αθήνα /   |c Ελληνογαλλική Πολιτιστική Ένωση ; πρόλογος-μετάφραση: Τατιάνα Τσαλίκη-Μηλιώνη.  
260 |a Αθήνα :   |b Αλεξάνδρεια,   |c 2004.  
300 |a 79 σ. ;   |c 21 εκ.  
500 |a Το αντίτυπο της Ρόδου με αριθμό εισαγωγής 110812 είναι δεμένο με: Η ανθρωπολογία των προσωκρατικών / Δημήτρης Παπαδής. - Ταξίδι στο χρόνο της οικονομίας / Τζον Κένεθ Γκάλμπρεϊθ. 
500 |a Τίτλος πρωτοτύπου: L'avenir de la civilisation europeenne. Entretien avec Albert Camus.  
600 1 0 |a Camus, Albert,  |d 1913-1960. 
650 0 |a Speeches, addresses, etc., English. 
651 0 |a Europe  |x Civilization. 
700 1 |a Μηλιώνη-Τσαλίκη, Τατιάνα,  |e trlf  |e wpr 
852 |a INST  |b RHODES  |e 20041209  |h 940 ΕΛΛ  |p 005400018036  |q 005400018036  |t BK  |y 0 
852 |a INST  |b RHODES  |c KRI  |e 20050621  |h  182 ΠΑΠ  |p 005400023202  |q 005400023202  |t BK  |y 0 
901 |a BIBL4-2005-1 
922 |a 4ΕΛΗ  |b 200412  |c ΒΙΒΛΙΟΘΗΚΗ  |d ΔΕΝΤΡΟ 
950 |a 094 
970 |a Χοροζίδου   |b Τζένη   |z 2005/02/09